MDQL
is popping MORE tags! Check the
thread
!
Quizzes
Events
Quiz Creation
Community
Videos
Private Events
Remove Ads
Sign In
Join for FREE
Feedback
Dark Mode
Quiz Categories
Sports
Geography
Music
Movies
Television
Just For Fun
Miscellaneous
History
Literature
Language
Science
Gaming
Entertainment
Religion
Holiday
For Kids
Quiz Lab
Recent
Popular Today
Quiz Kudos Today
Editor Picks
Curator Picks
Quizzes by...
Day
Popularity
Type
Ratings
Length
Year
Community
Subscriptions
Recent Discussions
Orange Saloon
Badges
Playlists
Quests
Create
Leaderboards
Showdown
Live 5
Trivia Bingo
Activity
Puzzle Library
Sporcle Events
Private Events
Virtual Trivia
Globe League
Become a Host
Pub Owners
SporcleCon
Opinionation
Our Games
Videos
Blog
Mobile Apps
Partnerships
Remove Ads and Go Orange
Feedback
Gaming
Video Games
Board Games
Card Games
Pokémon
Mario
Nintendo
Minecraft
Console
Toys
Legend of Zelda
Gaming
Video Games
Board Games
Card Games
Pokémon
Mario
Nintendo
Minecraft
Console
Toys
Legend of Zelda
Random Quiz
Search Sporcle
×
Quiz Lab
Quiz Lab
Gaming
race
Type in answers that appear in a list
Type in answers that appear in a list
Classic
Best Score? Go Orange.
Warhammer 40k Codex Vehicles Stats
Can you name the Warhammer 40k Codex Vehicles?
By
Gothmog
15m
69 Questions
620 Plays
620 Plays
620 Plays
Comments
Comments
Give Quiz Kudos
Give Quiz Kudos
-
- Ratings
hide this ad
Replay
Link that replays current quiz
Next Quiz
Link to next quiz in quiz playlist
You Got
0%
They Got
Avg Score
44%
Avg Friend Score
Upgrade to see
Score Distribution
Jump to the score distribution portion of the page
Score
0/69
Timer
15:00
0
Plays Today
Race
Vehicle
% Correct
Space Marine, CSM, DH, WH
Rhino
94%
Space Marine
Landraider
92.4%
Imperial Guard
Leman Russ Battletank
85.3%
Space Marine, CSM
Predator
82.4%
Imperial Guard, WH, DH
Chimera
78.9%
Space Marine, CSM, DH
Dreadnought
75.8%
Space Marine
Landspeeder
74.2%
Space Marine
Razorback
73.4%
Space Marine
Whirlwind
69%
Space Marine, CSM
Vindicator
67.3%
Imperial Guard
Basilisk
67.3%
Necrons
Monolith
63.2%
Orks
Trukk
61.5%
Space Marine, DH
Landraider Crusader
60.6%
Tau
Hammerhead
60.3%
Orks
Battlewagon
58.9%
Tau
Devilfish
58.4%
Eldar
Fire Prism
57.1%
Space Marine
Drop Pod
55.8%
Blood Angels
Baal Predator
54.8%
Eldar
Falcon
54.5%
Imperial Guard
Hellhound
54%
Chaos Space Marines
Defiler
53.4%
Imperial Guard
Scout Sentinel
53.2%
Imperial Guard
Leman Russ Demolisher
53.1%
Dark Eldar
Raider
51%
Space Marine
Landraider Redeemer
50.6%
Eldar
Wave Serpent
48.7%
Space Marine
Venerable Dreadnought
47.1%
Imperial Guard
Valkyrie
42.3%
Dark Eldar
Ravager
41.3%
Imperial Guard
Leman Russ Punisher
40.6%
Space Marine
Landspeeder Storm
40.2%
Tau
Piranha
40.2%
Space Marine
Ironclad Dreadnought
39.7%
Race
Vehicle
% Correct
Witch Hunters
Immolator
39.2%
Tau
Skyray
39%
Imperial Guard
Leman Russ Vanquisher
37.9%
Imperial Guard
Manticore Rocket Launcher
36.8%
Orks
Deff Dread
36.1%
Blood Angels
Furioso Dreadnought
35.8%
Eldar
War Walker
35.6%
Eldar
Vyper
35.6%
Imperial Guard
Hydra
35%
Imperial Guard
Medusa
33.4%
Chaos Demons
Soulgrinder
33.1%
Imperial Guard
Leman Russ Executioner
32.7%
Imperial Guard
Armoured Sentinel
32.4%
Blood Angels
Storm Raven Gunship
32.3%
Witch Hunters
Exorcist
32.1%
Witch Hunters
Penitent Engine
30.3%
Imperial Guard
Deathstrike Missile Launcher
30.2%
Imperial Guard
Griffon
30%
Imperial Guard
Vendetta
29.4%
Imperial Guard
Leman Russ Exterminator
28.2%
Imperial Guard
Leman Russ Eradicator
27.3%
Orks
Wartrakk
27.1%
Orks
Looted Wagon
26.9%
Imperial Guard
Bane Wolf
26.6%
Imperial Guard
Devil Dog
26.3%
Orks
Warbuggy
25.8%
Space Marine
Thunderfire Cannon
21.8%
Blood Angels
Death Company Dreadnought
20.8%
Space Marine
Landspeeder Tornado
20.5%
Orks
Big Gunz
17.9%
Imperial Guard
Colossus
16.9%
Orks
Big Gun
10.8%
Eldar
Support Weapon
7.7%
3.7%
Quiz Playlist
Details
Report
Send in Message
Add To Playlist
Classic:
Type in answers that appear in a list
Last Updated: Feb 16, 2017
Quiz Scoreboard
CHALLENGE
Sign Up to Join the Scoreboard
Show All
Scores
Hide
Comments
May contain spoilers
Recently Published
5x2 Blitz: Bands
by SL_Kpop136
Music
30s
Colored Red Africa Blitz
by spor1
Geography
30s
Find the 'City' Movie
by crazypaving
Movies
60s
More to Explore
Quiz From the Vault
Featured Blog Post
14 Easter Pick-up Lines to Find Eggs With
hide this ad
You Might Also Like...
Tags
40k
Codex
race
Vehicles
Warhammer
Today's Top Quizzes in Gaming
Browse Gaming
hide this ad
Today's Top Quizzes in race
Browse race
Top Contributed Quizzes in Gaming
1
League of Legends Pro Players by Career/Team History
2
Genshin murder mystery
3
Destiny 2 exotic weapons by perk icons
4
Dead By Daylight Logic Puzzle
5
Genshin Impact Logic Puzzle
6
Valorant Agent Developer Names (Up to Clove)
7
Overwatch 2: Ultimate Ability Icons
8
Who's on the WWE 2K24 Cover?
9
Genshin Impact Logic Puzzle Quiz II
10
4x4 Decades: Video Games
Explore More
Trending Topics
Disney
Marvel
Harry Potter
NBA
Kpop
Crossword
Anime
Song
WWE
The Office
Soccer
Country
Pokémon
Puzzle
NFL
hide this ad
More By:
Gothmog
Quiz
Plays
Rating
Category
Featured
Created
Warhammer 40k Special Characters
1,736
4.20
Gaming
Nov 15, 2009
40k SM Legions, Primarchs & Homeworlds
1,174
3.83
Gaming
Nov 15, 2009
Warhammer 40k Power Armour
693
3.00
Gaming
Aug 15, 2010
Warhammer 40k Codex Vehicles
620
1.00
Gaming
Jan 15, 2010
Warhammer 40k Universal Special Rules
513
1.00
Gaming
Dec 2, 2009
Go to Creator's Profile
Score Distribution
Quiz Creator Spotlight
Gothmog
Follow
Send a Message
Quizzes Created
-
Created Quiz Play Count
-
More By This Creator
Popular Quizzes Today
1
Colored Red Africa Blitz
2
Find the 'City' Movie
3
Find the US States - No Outlines Minefield
4
5x2 Blitz: Bands
5
The Countries of the World
6
Find the US States
7
US States
8
Find the Countries of Europe - No Outlines Minefield
More Gaming Quizzes
Quick-typing Grid (Chess-style Notation)
Quiz Lab
Trending Quizzes
Colored Red Europe Blitz I
Colored Red Africa Blitz II
Colored Red Europe Blitz II
Colored Red Europe Blitz III
Colored Red Africa Blitz III
Recently Updated
How Do You Spell That?
pecheneg
Godzilla Movies
pecheneg
Grab Bag: 4-10 Letters
pecheneg
2024 March Madness Bracket
pecheneg
Famous TV Couples
Peacemaker
Champions League XIs: Real Madrid
pecheneg
Largest US Cities 1790-2010
pecheneg
Rides in Walt Disney World
pecheneg
Most Oscar Losses (Acting)
pecheneg
Beyoncé Albums
pecheneg
Trending Topics
Harry Potter
Kpop
Anime
NBA
Marvel
Disney
Crossword
Puzzle
Soccer
Song
Country
WWE
NFL
Pokémon
The Office
Your Account Isn't Verified!
In order to create a playlist on Sporcle, you need to verify the email address you used during registration. Go to your
Sporcle Settings
to finish the process.
Report this User
Report this user for behavior that violates our
Community Guidelines
.
Details:
Send Report
Go to the Sporcle.com Mobile Site →
Comments